000 00808nam a2200241Ia 4500
003 OSt
005 20260122160334.0
008 210716s2018 xx 000 0 und d
020 _a9789332584914
040 _cAIMIT LIBRARY
041 _aeng
082 _a330.015195
_27
_bSTUA
100 _aStudenmund, A H.
_9252249
245 _aB practical guide :
_bpractical guide to using econometrics /
_cBy A H Studenmund and Bruce K Johnson.
250 _a7st ed.
260 _aNew Delhi :
_bPearson Education ,
_c2018.
300 _a572p. ;
_bPB
_c23.3 cm
650 _aOrdinary least squares
_9252250
650 _aSpecification: choosinga functional form
_9252251
650 _aRunning your own regression project
_9252252
700 _aJohnson, Bruce K.
_9252253
942 _2ddc
_cBK
_e7th
_k330.015195 STUA
999 _c196500
_d196500